000 00563nam a2200205Ia 4500
005 20250923144641.0
008 008 250917s9999 xx 000 0 eng d
037 _aTextual
040 _aDSWL
_beng
_cDSWL
041 _aeng
_2eng
084 _aV2'N4<-C, N58
_qDSWL
100 _aSmith, V.A.
_9827011
245 0 _aOxford history of India
_cby V.A. Smith
260 _aOxford
_b Clarendon Press
_c1958
300 _axiii,898p.
365 _aINR
_b27
925 _g27
942 _cTEXL
_hV2'N4<-C, N58
999 _c1441628
_d1441628